LEADER 01199nam0-22004331i-450- 001 990006518480403321 005 20051108154716.0 010 $a88-204-3093-2 035 $a000651848 035 $aFED01000651848 035 $a(Aleph)000651848FED01 035 $a000651848 100 $a20010426d1988----km-y0itay50------ba 101 0 $aita 102 $aIT 105 $ay-------001yy 200 1 $aContingenza e socialità dell'azione$fAndrea Bixio$gprefazione di Franco Crespi 210 $aMilano$cFranco Angeli$d1988 215 $a104 p.$d22 cm 225 1 $aCollana di sociologia$v130 610 0 $aSociologia del diritto$aTeoria 676 $a361.2 676 $a340.115 676 $a128.4 700 1$aBixio,$bAndrea$0374913 702 1$aCrespi,$bFranco$f<1930- > 801 0$aIT$bUNINA$gRICA$2UNIMARC 901 $aBK 912 $a990006518480403321 952 $aCOLLEZ. 139 (130)$b9669$fFSPBC 952 $a11120 BIX$b7129$fSES 952 $a340.115 BIX 1$b2896$fBFS 952 $aXI N 456 (130)$b22502*$fFGBC 959 $aFSPBC 959 $aSES 959 $aBFS 959 $aFGBC 996 $aContingenza e socialità dell'azione$9620842 997 $aUNINA LEADER 01181nam a22003011i 4500 001 991003563759707536 005 20030905145419.0 008 031111s1978 it a||||||||||||||||ita 035 $ab12443839-39ule_inst 035 $aARCHE-047712$9ExL 040 $aDip.to Lingue$bita$cA.t.i. Arché s.c.r.l. Pandora Sicilia s.r.l. 082 04$a833 100 1 $aGrimm, Jakob$019471 245 10$aFiabe /$cJacob e Wilhelm Grimm ; scelte e presentate da Italo Calvino ; traduzione di Clara Bovero 250 $a5. ed. 260 $aTorino :$bEinaudi,$c1978 300 $aXX, 432 p. :$bill. ;$c20 cm 440 4$aGli struzzi ;$v7 700 1 $aGrimm, Wilhelm$eauthor$4http://id.loc.gov/vocabulary/relators/aut$019472 700 1 $aCalvino, Italo 700 1 $aBovero, Clara 907 $a.b12443839$b02-04-14$c13-11-03 912 $a991003563759707536 945 $aLE012 F.G. 545$g1$i2012000060814$lle012$o-$pE0.00$q-$rl$s- $t0$u6$v2$w6$x0$y.i12870249$z13-11-03 945 $aLE012 F.G. 545/A$g2$i2012000060807$lle012$o-$pE0.00$q-$rl$s- $t0$u0$v0$w0$x0$y.i12870250$z13-11-03 996 $aFiabe$975076 997 $aUNISALENTO 998 $ale012$b13-11-03$cm$da $e-$fita$git $h0$i2